Famous Noses Quiz Stats

 Plays Quiz Updated Dec 7, 2017

Score 0/30 Timer 05:00
4 Plays Today
Nose Owner % Correct
Michael Jackson
93.7%
Mario
91.5%
Rudolph the Red Nosed Reindeer
77.2%
Pinocchio
76.4%
Jack Skellington
65.4%
Alf
63.1%
Ralph Fiennes (Voldemort)
61.9%
Barbra Streisand
55.2%
Ronald McDonald
54.6%
Marge Simpson
54.6%
Bert
51.6%
Owen Wilson
47.3%
Woody (Toy Story)
47.2%
Gonzo the Great
46%
Sacha Baron Cohen (Borat)
40%
Nose Owner % Correct
Elvis Presley
39.6%
Richard Nixon
38%
Chewbacca (Star Wars)
36.8%
Steve Martin (C.D. Bales in Roxanne)
30.5%
Prince Charles
28.9%
Postman Pat
19.8%
Meryl Streep
16.9%
Jimmy Durante
15.1%
Falkor (The Neverending Story)
14.4%
Uma Thurman
10.7%
Nicole Kidman (Virginia Woolf in The Hours)
8.3%
Barry Manilow
5.8%
Gerard Depardieu
3.8%
Elizabeth Montgomery (Samantha Stevens)
3.4%
Sarah Michelle Gellar/Prinze
2.9%

You're not logged in!

Compare scores with friends on all Sporcle quizzes.
Join for Free
OR
Log In

You Might Also Like...

Show Comments

Extras

Top Quizzes Today


Score Distribution

Your Account Isn't Verified!

In order to create a playlist on Sporcle, you need to verify the email address you used during registration. Go to your Sporcle Settings to finish the process.

Report this User

Report this user for behavior that violates our Community Guidelines.

Details: